00457nam a2200145Ia 4500008004100000041000800041082000600049100002700055245003200082260001200114650002600126906000900152999001500161952013500176220524s9999 xx 000 0 und d aeng a1 aEd. Chitolino A.98048 aPucci : Pucci Fashion Story bTaschen aFashion Design98049 a1457 c7660d7660 00104070aSOFTbSOFTd2012-06-01eBook Studiog1040.00l0o1pSOFT-BK-3278r2022-07-08 00:00:00v8032.00w2022-07-08yBKz003278